البرمجه بلغة كوبول / (رقم التسجيلة. 1250)

تفاصيل مارك
000 -LEADER
fixed length control field 00560nam a22002057a 4500
005 - DATE AND TIME OF LATEST TRANSACTION
control field 20251108164015.0
008 - FIXED-LENGTH DATA ELEMENTS--GENERAL INFORMATION
fixed length control field 250721s1990 xx 000 0 ara d
082 14 - DEWEY DECIMAL CLASSIFICATION NUMBER
Classification number 001.6424/قاض
100 1# - MAIN ENTRY--PERSONAL NAME
Personal name القاضي، زياد
245 10 - TITLE STATEMENT
Title البرمجه بلغة كوبول /
246 11 - VARYING FORM OF TITLE
Title proper/short title cobol programming
264 1# - PRODUCTION, PUBLICATION, DISTRIBUTION, MANUFACTURE, AND COPYRIGHT NOTICE
Place of production, publication, distribution, manufacture عمان :
Name of producer, publisher, distributor, manufacturer دار المستقبل،
Date of production, publication, distribution, manufacture, or copyright notice 1990.
300 ## - PHYSICAL DESCRIPTION
Extent 270ص.
650 17 - SUBJECT ADDED ENTRY--TOPICAL TERM
Topical term or geographic name as entry element الحواسيب
650 17 - SUBJECT ADDED ENTRY--TOPICAL TERM
Topical term or geographic name as entry element كوبول
650 17 - SUBJECT ADDED ENTRY--TOPICAL TERM
Topical term or geographic name as entry element لغات البرمجة
700 1# - ADDED ENTRY--PERSONAL NAME
Personal name نجيب، حسين
942 ## - ADDED ENTRY ELEMENTS (KOHA)
Source of classification or shelving scheme Dewey Decimal Classification
Koha item type كتب
المقتنيات
حالة السحب حالة الفقدان مصدر التصنيف حالة التلف غير قابل للإعارة المكتبة الرئيسية المكتبة الحالية موقع الرف تاريخ التزويد الرقم المتسلسل Total Checkouts رقم الإستدعاء تاريخ آخر ظهور تاريخ الفاتورة نوع المادة (كوها) الباركود
    Dewey Decimal Classification Unchecked   مكتبة الحسن العامة مكتبة الحسن العامة الإعارة 06/07/2004 10353   001.6424/قاض 28/07/2025 06/07/2004 كتب  
    Dewey Decimal Classification Unchecked   مكتبة حمزة العامة مكتبة حمزة العامة الإعارة 06/07/2004 5521   001.6424/قاض 28/07/2025 06/07/2004 كتب  
    Dewey Decimal Classification     مكتبة حمزة العامة مكتبة حمزة العامة الإعارة 08/06/2015 407369.   001.6424/قاض 28/07/2025 08/06/2015 كتب PLD00329512
    Dewey Decimal Classification     مكتبة صويلح العامة مكتبة صويلح العامة الإعارة 14/05/2015 [6984   001.6424/قاض 28/07/2025 14/05/2015 كتب PLD00328342
    Dewey Decimal Classification Unchecked   مكتبة وادي السير العامة مكتبة وادي السير العامة الإعارة 06/07/2004 5211   001.6424/قاض 28/07/2025 06/07/2004 كتب  
Implemented & Customized by: BBB with SCIT (Smart Chains for Information Technology)

Powered by Koha